000 01138cam a22001934a 4500
005 20250605164208.0
008 250528s ||||||||||||||||||||||||d
035 _a20138
020 _a30736358
040 _aGR-AtMCL
_bgre
_dGR-AtMCL
_eAACR2
245 1 _aIntroduction to Sociology
260 _bHolt, Rinehart And Winston,
_c1969
300 _a722
520 _aPreface ,The Study of Social Life, The Study of Sociology, The Origins of Sociology, Scientific Sociology, Social Interaction, Culture, The Person in Society, Social Groups, Group and Society, The Formal Organization, The Community, Social Stratification, Class and Status, Minority Groups, The Lower Class and the Poor, Institutions and Social Structure, The Family, Education, Economy and Society, The Political Order, Science in Society, Religion and Society, Collective Behavior and Population, Crowds and Publics, Social Movements and Ideologies, Population and Society, The Study of Society, Social Problems, Sociology and Society, Photograph Credits, Name and Subject Index.
700 1 _aMckee James B
_96187
942 _cBK
999 _c5277
_d5277